Представление документа в формате RUSMARC

ПолеНазваниеЗначение
  Тип записи a
  Библиографический уровень m
001 Контрольный номер RU/SLIB/B/208734231
005 Дата корректировки 20210412093409.9
010 Индекс ISBN __
a ISBN 5-9228-0008-6
a ISBN 5-8243-0135-2
d Цена 177-12
101 Язык документа 0_
a Язык текста rus
c Язык оригинала rus
200 Заглавие и сведения об ответственности 1_
a Заглавие Современные политические теории
f Первые сведения об ответственности Т. А. Алексеева
b Общее обозначение материала Текст
210 Выходные данные 1_
a Место издания М.
c Издательство РОССПЭН
d Дата издания 2001
215 Физическое описание __
a Объем 344 с.
330 Аннотация __
a Аннотация Курс лекций раскрывает наиболее важные направления развития политической мысли на Западе в ХХ веке и знакомит с основными школами и течениями. Рассчитано на студентов и аспирантов и всех интересующихся.
600 Персоналии _1
a Персоналии (Фамилия) Маркс, К.
600 Персоналии _1
a Персоналии (Фамилия) Вебер, М.
600 Персоналии _1
a Персоналии (Фамилия) Фромм, Э.
600 Персоналии _1
a Персоналии (Фамилия) Маркузе Г.
600 Персоналии _1
a Персоналии (Фамилия) Сартр, Ж. П.
600 Персоналии _1
a Персоналии (Фамилия) Роулс Д.
600 Персоналии _1
a Персоналии (Фамилия) Хайек, Ф. А. фон
600 Персоналии _1
a Персоналии (Фамилия) Нозик Р.
600 Персоналии _1
a Персоналии (Фамилия) Шмитт А.
600 Персоналии _1
a Персоналии (Фамилия) Грамши А.
600 Персоналии _1
a Персоналии (Фамилия) Леви-Стросс К.
600 Персоналии _1
a Персоналии (Фамилия) Деррида Ж.
600 Персоналии _1
a Персоналии (Фамилия) Фуко, М. П.
600 Персоналии _1
a Персоналии (Фамилия) Гидденс Э.
600 Персоналии _1
a Персоналии (Фамилия) Бодрийяр Ж.
600 Персоналии _1
a Персоналии (Фамилия) Хабермас Ю.
606 Тематические рубрики __
a Основная рубрика Политика. Политология
606 Тематические рубрики __
a Основная рубрика Всеобщая история политической мысли
610 Ключевые слова 0_
a Ключевые слова политическая наука; политическая мысль; методология; власть; бюрократия; природа человека; экзистенциализм; позитивизм; институционализм; рационализм; утилитаризм; либерализм; коммунитаризм; марксизм; неомарксизм; структурализм; модернизм; постмодернизм; политология; персоналии
686 Индексы других классификаций __
a Классификационный индекс 66.1(0) ; ст66
700 Автор _1
a Фамилия Алексеева
b Имя Т. А.
4 Код отношения 070
801 Источник записи _0
a Страна RU
b Организация Муниципальное бюджетное учреждение культуры "Централизованная библиотечная система" г. Сургут (Центральная городская библиотека им. А. С. Пушкина)
g Правила каталогизации КиК/Тесленко
801 Источник записи _1
a Страна RU
b Организация Муниципальное бюджетное учреждение культуры "Централизованная библиотечная система" г. Сургут (Центральная городская библиотека им. А. С. Пушкина)
g Правила каталогизации КиК/Тесленко
852 Данные о местонахождении __
j Шифр хранения 66.1(0)
c Каталожный индекс 66.1(0)
i Авторский знак А 47
901 Тип документа __
t Тип документа m
903 Характеристики (МАРС) __
a Дата передачи 20030120
990 Данные о заказе (DOS) __
j Количество экземпляров (DOS) 4
t N записи в КСУ для И/У (DOS) 200302